Statistiken für Größte Handelspartnern - Die Ganze Welt

Klicken Sie hier um das Quiz zu spielen!

Allgemein

  • Dieses Quiz wurde 199 mal gespielt
  • Das Durchschnittsergebnis liegt bei 18 aus 22

Antwortstatistiken

Exp.Imp.Land% Korrekt
2614 Md2135 MdChina
99%
1341 Md1061 MdDeutschland
99%
489 Md561 MdFrankreich
98%
282 Md303 MdSpanien
98%
1453 Md2250 MdVereinigte Staaten
98%
645 Md607 MdJapan
96%
462 Md405 MdItalien
95%
374 Md387 MdMexiko
94%
260 Md357 MdIndien
93%
285 MdRussland
93%
389 Md403 MdKanada
91%
416 Md636 MdVereinigtes Königreich
91%
495 Md406 MdSüdkorea
86%
199 MdTürkei
76%
569 Md504 MdNiederlande
74%
305 Md269 MdSchweiz
74%
214 MdThailand
64%
398 Md373 MdBelgien
63%
280 Md231 MdTaiwan
58%
207 MdVereinigte Arabische
Emirate
47%
215 Md200 MdVietnam
47%
330 Md283 MdSingapur
45%

Verteilung der Resultate

Perzentil nach korrekt beantworteten Fragen

Anzahl Personen mit jedem Resultat

Ihre Resultats-Entwicklung

Sie haben dieses Quiz noch nicht gespielt